000 00439nam a2200157Ia 4500
008 240729s9999 xx 000 0 und d
022 _a1364-6893
245 0 _aJournal of Obstetrics and Gynaecology
260 _aUnited Kingdom
260 _bTaylor & Francis Group
650 _a Gynecology and obstetrics
650 _aMedicine
856 _uhttps://doaj.org/toc/37491017ecb04e93b67697058cb095aa
942 _2ddc
942 _cDOAJEJ
999 _c69065
_d69065
945 _a1
_bMadushi Gamage
_c1
_dMadushi Gamage